| 000 | 00448nam a2200133Ia 4500 | ||
|---|---|---|---|
| 008 | 200902s9999 xx 000 0 und d | ||
| 020 | _a978-971-9905-1 | ||
| 100 | _aSaidali, Margarita A. | ||
| 245 |
_cMargarita A. Saidali, Jamael Ferdinand R. Saildali.-- _aValues and work ethics / |
||
| 260 |
_aManila : _bMindshapers Co., Inc. _c2015 |
||
| 300 |
_avii , 106 pages : _billustrations ; _c23 cm. |
||
| 650 | _aBusiness ethics | ||
| 650 | _aWork ethics | ||
| 999 |
_c363982 _d363982 |
||